| 000 | 00955nam a2200253Ia 4500 | ||
|---|---|---|---|
| 005 | 20220316235708.0 | ||
| 008 | 121119s2000 ck gr 000 0 spa | ||
| 020 | _a958655421X | ||
| 041 | 0 | _aspa | |
| 082 | 0 | 4 |
_a306.49861 _bG87F |
| 100 | 1 |
_aGutiérrez de Pineda, Virginia _d1922-1999 |
|
| 245 | 1 | 0 |
_aFamilia y cultura en Colombia _btipologías, funciones y dinámica de la familia : manifestaciones múltiples a través del mosaico cultural y sus estructuras sociales _cVirginia Gutiérrez de Pineda |
| 250 | _aPrimera edición | ||
| 300 |
_a564 páginas _c24 cm |
||
| 650 | 1 | 4 |
_aFamilia _xCondiciones sociales _zColombia _2LEMB |
| 650 | 1 | 4 |
_aEvolución social _zColombia _2LEMB |
| 650 | 1 | 4 |
_aEconomía doméstica _zColombia _2LEMB |
| 942 |
_2ddc _cBK |
||
| 264 |
_a[Colombia _bs.n. _c2000?] |
||
| 336 |
_atexto _btxt _2rdacontent |
||
| 337 |
_asin mediación _bn _2rdamedia |
||
| 338 |
_avolumen _bnc _2rdacarrier |
||
| 040 |
_aCO-BoRNBP _bspa _erda _cCO-BoRNBP |
||
| 999 |
_c1850 _d1850 |
||